Marcel Lecomte

Guardat en:
Dades bibliogràfiques
Autor principal: Bodart, Marie-Thérèse (Autor)
Format: Llibre
Idioma:francès
Publicat: París Pierre Seghers 1970
Col·lecció:Poetes d'aujourd'hui, 194
Matèries:
Etiquetes: Afegir etiqueta
Sense etiquetes, Sigues el primer a etiquetar aquest registre!

MARC

LEADER 00000nam a2200000 a 4500
001 UCY4531
003 CL-VaPUC
008 950315e19700000FR |||||||||||||||||fre|d
082 0 4 |a 841.09  |b BOD  |2 21 
100 0 |a Bodart, Marie-Thérèse  |e author  |9 333020 
245 1 0 |a Marcel Lecomte 
300 |a 191 p 
942 |c BK 
945 |d 19950315 00:00:00  |a mfernand 
260 |a París  |b Pierre Seghers  |c 1970 
600 0 7 |a LECOMTE, MARCEL  |2 CL-VaPUC  |9 333021 
650 0 |a Crítica e interpretación   |9 255042 
583 |a last modification  |c 19950315 00:00:00  |k Rodrigo Vera 
490 0 |a Poetes d'aujourd'hui, 194 
999 |c 232365  |d 232363 
952 |0 0  |1 0  |4 0  |6 841_090000000000000_BOD_1970  |7 0  |8 P  |9 236559  |a BIBART  |b BIBART  |d 2019-11-15  |i 3062376  |o 841.09 BOD 1970  |p 3062376  |r 2025-03-13  |w 2019-11-15  |y BK  |k ART